<?xml version="1.0" encoding="UTF-8"?>
<marc:record xmlns:marc="http://www.loc.gov/MARC21/slim">
   <marc:leader>00000nam a2200000 a 4500</marc:leader>
   <marc:datafield ind1="1" ind2=" " tag="100">
      <marc:subfield code="a">Dulleck, Nina</marc:subfield>
      <marc:subfield code="4">aut</marc:subfield>
      <marc:subfield code="e">Verfasser/-in</marc:subfield>
   </marc:datafield>
   <marc:datafield ind1="0" ind2="0" tag="245">
      <marc:subfield code="a">Miep, der Außerirdische</marc:subfield>
   </marc:datafield>
   <marc:datafield ind1="0" ind2="0" tag="245">
      <marc:subfield code="c">Dulleck, Nina</marc:subfield>
   </marc:datafield>
   <marc:datafield ind1=" " ind2="1" tag="264">
      <marc:subfield code="a">Bindlach</marc:subfield>
      <marc:subfield code="b">Loewe</marc:subfield>
      <marc:subfield code="c">2016</marc:subfield>
   </marc:datafield>
   <marc:datafield ind1=" " ind2=" " tag="250">
      <marc:subfield code="a">1. Auflage</marc:subfield>
   </marc:datafield>
   <marc:datafield ind1="1" ind2=" " tag="520">
      <marc:subfield code="a">Angaben aus der Verlagsmeldung

Miep, der Außerirdische : Band 1

Für echte Weltraum-Fans ein Muss! In der neuen Kinderbuch-Reihe Miep erzählt Nina Dulleck spannende und witzige Abenteuer rund um den kleinen Außerirdischen Miep mit seiner Familie, seinen verrückten Raumschiffen und seinem treuen Weltraum-Haustier Nudel. Die Geschichten mit hohem Bildanteil eignen sich für Jungen und Mädchen ab 5 Jahren zum Vorlesen und ab 7 Jahren zum ersten Selberlesen. Die bunten Bilder mit vielen originellen Details sorgen für viel Spaß beim Lesenlernen.Miep schlurft gelangweilt durch das Astro-Museum, als ihm ein Pastatid namens Nudel in die Arme springt! So ein kleines Weltraumhaustier hat sich Miep immer gewünscht. Und schon steckt er mitten in einem spannenden Abenteuer. Denn er muss nicht nur seinen Papa davon überzeugen, Nudel behalten zu dürfen, sondern ihn auch vor Museumswärtern und neugierigen Menschen-Astronauten beschützen.
</marc:subfield>
   </marc:datafield>
   <marc:datafield ind1=" " ind2=" " tag="020">
      <marc:subfield code="a">9783785585191</marc:subfield>
      <marc:subfield code="9">9783785585191</marc:subfield>
   </marc:datafield>
   <marc:datafield ind1=" " ind2=" " tag="020">
      <marc:subfield code="a">3785585195</marc:subfield>
      <marc:subfield code="9">3785585195</marc:subfield>
   </marc:datafield>
   <marc:datafield ind1=" " ind2=" " tag="300">
      <marc:subfield code="a">75 S.</marc:subfield>
   </marc:datafield>
</marc:record>
